Normal view
MARC view
- Valuation Tribunal Service
Entry Corporate Name
001 - CONTROL NUMBER
- control field: 5108
003 - CONTROL NUMBER IDENTIFIER
- control field: SIRSI
005 - DATE AND TIME OF LATEST TRANSACTION
- control field: 20190806150240.0
008 - FIXED-LENGTH DATA ELEMENTS
- fixed length control field: 070129n| aaannaabn |n ana d
040 ## - CATALOGING SOURCE
- Original cataloging agency: OSt
- Transcribing agency: OSt
110 2# - HEADING--CORPORATE NAME
- Corporate name or jurisdiction name as entry element: Valuation Tribunal Service
670 ## - SOURCE DATA FOUND
- Source citation: Valuation Tribunal Service newsletters